Dla przedstawiciela którego zawodu pogoda ma duże znaczenie? - Statystyki

Ogólne statystyki
  • Ten quiz został rozwiązany 10 razy
  • Średni wynik to 2 z 6
Statystyki odpowiedzi
Odpowiedź % Poprawnych
Pilot
71%
Ogrodnik
57%
Rolnik
43%
Piłkarz
14%
Budowniczy
0%
Skoczek narciarski
0%
Nie znaleziono quizów pasujących do podanych kryteriów
Rozkład punktacji
Procent ludzi z każdym wynikiem
Percentyl według liczby udzielonych odpowiedzi
Twoja historia wyników
Nie rozwiązałeś tego quizu